=LDR 00000nam 2200000 4500 =001 INLIS000000000016268 =005 20130612111533 =008 ***********************************Ind** =035 ##$$0010-061300000016268 =041 ##$$a Ind =082 ##$$a 907 =090 ##$$a 907, Has i =100 ##$$a Hassan N, Moch =245 ##$$a IPS sejarah untuk SLTP, disusun berdasarkan kurikulum baru 1994, Moch Hassan N =260 ##$$a 1996 $b Bandung =300 ##$$a ...jil., ilus, 21 cm =650 ##$$a Sejarah =650 ##$$a Studi dan pengajaran =850 ##$$a NBPNMAT